Language Quiz

Random Language or Letter Quiz

Double G (A-Z) Quiz Stats

Quiz Updated Nov 22, 2011

Challenge
Share
Tweet
Embed
Score 0/25 Timer 08:00
1 Play Today
Clues Double G Words % Correct
Beer party or Special K manufacturerkegger or Kellogg's
90.1%
One who can keep several objects airborne at once or Stones' singerjuggler or Jagger
88%
Pooh pal or 'Wild Thing' bandTigger or Troggs
85.3%
Housefly offspring or non-magical Rowling charactermaggot or Muggle
85%
Robbie Burns Day dish or disposable diaper brandhaggis or Huggies
84.8%
Seafaring turtle or suitcasesloggerhead or luggage
82.2%
Denver's NBA team or your 'bean'Nuggets or noggin
81.6%
Heavily misted or a muppet Rockfoggy or Fraggle
77.9%
Ovum or a perfectly cromulent wordegg or embiggen
76%
Actor Mortensen or short for a fruit, bread and meat accompanimentViggo or veggies
75.4%
Hobbit surname or soiled, dilapidatedBaggins or bedraggled
74%
Bob Marley's son or a Mesopotamian monumentZiggy or ziggurat
73.8%
Terminator portrayer or to walk erraticallySchwarzenegger or stagger
72.2%
Clues Double G Words % Correct
George Harrison 'White' Album song or skater FlemingPiggies or Peggy
65.1%
Pharmacist or basketball coach Phelpsdruggist or Digger
64.8%
A total sum or a succession of chord tonesaggregate or arpeggio
63.8%
To titter or describing the semi-consciousgiggle or groggy
63.5%
Aussie band for kids or Carol Burnett's LyleWiggles or Waggoner
55.5%
Archie's foil or Johnny Gruelle's Ann and AndyReggie or Raggedy
53%
The Stooges' Mr. Pop or a rowboat with oarlocks on the gunwalesIggy or inrigger
51.8%
Rugged and uneven or a harvest mite that bitescraggy or chigger
50.2%
2006-15 MLB 2nd baseman or a series of early '90s MTV albumsUggla or Unplugged
36.8%
Beast that became extinct in 1883 or a type of clam diggerquagga or quahogger
14%
Precedes 'Oi Oi Oi' or Chilean independence leaderOggy Oggy Oggy or O'Higgins
13.6%
Old US slang for a safecracker or an H.P. Lovecraft planetyegg or Yuggoth
10.4%

You're not logged in!

Compare scores with friends on all Sporcle quizzes.
Join for Free
OR
Log In

You Might Also Like...

Show Comments

Extras

Top Quizzes Today


Score Distribution

Your Account Isn't Verified!

In order to create a playlist on Sporcle, you need to verify the email address you used during registration. Go to your Sporcle Settings to finish the process.

Report this User

Report this user for behavior that violates our Community Guidelines.

Details: